Jesús es el Señor
Saved in:
| Hovedforfatter: | |
|---|---|
| Format: | Bog |
| Sprog: | spansk |
| Udgivet: |
Santiago
Arzobispado de Santiago. Instituto Arquidiocesano de Catequesis
1988
|
| Udgivelse: | 4a. ed |
| Fag: | |
| Tags: |
Tilføj Tag
Ingen Tags, Vær først til at tagge denne postø!
|
MARC
| LEADER | 00000nam a2200000 a 4500 | ||
|---|---|---|---|
| 001 | UCW9277 | ||
| 003 | CL-VaPUC | ||
| 008 | 890111e19880000CL |||||||||||||||||spa|d | ||
| 082 | 0 | 4 | |a 232 |b DEC |2 21 |
| 100 | 0 | |a Decker, Carlos |e author |9 314496 | |
| 245 | 1 | 0 | |a Jesús es el Señor |
| 250 | |a 4a. ed | ||
| 300 | |a 184 p | ||
| 942 | |c BK | ||
| 945 | |d 19890111 00:00:00 | ||
| 260 | |a Santiago |b Arzobispado de Santiago. Instituto Arquidiocesano de Catequesis |c 1988 | ||
| 600 | 0 | |a Jesús |9 313614 | |
| 650 | 0 | |a Educación religiosa |9 308312 | |
| 650 | 0 | |a Libros de texto |9 270019 | |
| 583 | |a last modification |c 19890111 00:00:00 |k Rodrigo Vera | ||
| 999 | |c 221297 |d 221295 | ||
| 952 | |0 0 |1 2 |4 0 |6 232_000000000000000_DEC_1988 |7 0 |8 A |9 214468 |a BIBTEO |b BIBTEO |d 2019-11-15 |i 2830574 |o 232 DEC 1988 |p 2830574 |r 2019-11-15 |w 2019-11-15 |x Descarte 2019 |y BK |k ICR | ||